Physiology of flowering (Record no. 20586)

MARC details
000 -LEADER
fixed length control field 00424nam a2200169Ia 4500
082 ## - DEWEY DECIMAL CLASSIFICATION NUMBER
Classification number 581.145.1
Item number HIL
100 ## - MAIN ENTRY--AUTHOR NAME
Personal name HILMAN, William S
245 #0 - TITLE STATEMENT
Title Physiology of flowering
260 ## - PUBLICATION, DISTRIBUTION, ETC. (IMPRINT)
Place of publication New York
Name of publisher Holt Reinhart
Year of publication 1964
650 ## - SUBJECT ADDED ENTRY--TOPICAL TERM
Topical Term Chemical control
650 ## - SUBJECT ADDED ENTRY--TOPICAL TERM
Topical Term Hormone
650 ## - SUBJECT ADDED ENTRY--TOPICAL TERM
Topical Term Photoperiodism
650 ## - SUBJECT ADDED ENTRY--TOPICAL TERM
Topical Term Temperature
650 ## - SUBJECT ADDED ENTRY--TOPICAL TERM
Topical Term Vernalization
942 ## - ADDED ENTRY ELEMENTS (KOHA)
Koha item type Books
Holdings
Withdrawn status Lost status Damaged status Not for loan Home library Current library Date acquired Full call number Accession Number Koha item type
        RRII Library RRII Library 16/12/2021 581.145.1 HIL 01308 Books